000 00320nam a22001337a 4500
020 _a8120304179
082 _a621.38153
100 _aMano, M. Morris
245 _aDigital logic and computer design
260 _aNew Delhi :
_bPrentice-Hill,
_c1995.
300 _a612 p. ;
_b24 cm.
500 _aPaperback.
942 _cBK
999 _c34138
_d34138